<?xml version="1.0" encoding="UTF-8"?>
<record
    xmlns:xsi="http://www.w3.org/2001/XMLSchema-instance"
    xsi:schemaLocation="http://www.loc.gov/MARC21/slim http://www.loc.gov/standards/marcxml/schema/MARC21slim.xsd"
    xmlns="http://www.loc.gov/MARC21/slim">

  <leader>00391nam a2200145Ia 4500</leader>
  <controlfield tag="008">230718s9999    xx            000 0 und d</controlfield>
  <datafield tag="041" ind1=" " ind2=" ">
    <subfield code="a">eng</subfield>
  </datafield>
  <datafield tag="082" ind1=" " ind2=" ">
    <subfield code="a">370.92</subfield>
    <subfield code="b">MUJ</subfield>
  </datafield>
  <datafield tag="100" ind1=" " ind2=" ">
    <subfield code="a">Mujumdar M.</subfield>
    <subfield code="9">163192</subfield>
  </datafield>
  <datafield tag="245" ind1=" " ind2=" ">
    <subfield code="a">Symbisis Biography Of And Idea</subfield>
  </datafield>
  <datafield tag="260" ind1=" " ind2=" ">
    <subfield code="b">Macmillan</subfield>
    <subfield code="a">Pune</subfield>
  </datafield>
  <datafield tag="365" ind1=" " ind2=" ">
    <subfield code="c">Rs.</subfield>
    <subfield code="b">485.00</subfield>
  </datafield>
  <datafield tag="700" ind1=" " ind2=" ">
    <subfield code="a">Mujumdar M.</subfield>
    <subfield code="9">163192</subfield>
  </datafield>
  <datafield tag="906" ind1=" " ind2=" ">
    <subfield code="d">B:1769/13/09/200713-Sep-2007</subfield>
    <subfield code="c">OTH</subfield>
    <subfield code="b">97</subfield>
  </datafield>
  <datafield tag="999" ind1=" " ind2=" ">
    <subfield code="c">317447</subfield>
    <subfield code="d">317447</subfield>
  </datafield>
  <datafield tag="952" ind1=" " ind2=" ">
    <subfield code="0">0</subfield>
    <subfield code="1">0</subfield>
    <subfield code="4">0</subfield>
    <subfield code="7">0</subfield>
    <subfield code="a">CCEP</subfield>
    <subfield code="b">CCEP</subfield>
    <subfield code="d">2007-09-14</subfield>
    <subfield code="e">Tbs</subfield>
    <subfield code="f">OTH</subfield>
    <subfield code="g">388.00</subfield>
    <subfield code="i">1769/13/09/2007</subfield>
    <subfield code="l">0</subfield>
    <subfield code="o">370.92</subfield>
    <subfield code="p">CCEP-BK-28654</subfield>
    <subfield code="r">2023-07-18 00:00:00</subfield>
    <subfield code="t">97</subfield>
    <subfield code="v">485.00</subfield>
    <subfield code="w">2007-09-13</subfield>
    <subfield code="y">BK</subfield>
    <subfield code="z">028654</subfield>
  </datafield>
</record>
